00955nam a22001937a 4500003000900000008004100009040007100050082002000121100003000141245006800171260008300239300003600322440004200358505022400400650001700624650002700641650002100668710007200689AR-CdUCM190226b ||||| |||| 00| 0 spa d aMUNICIPALIDAD PROVINCIAL DEL CUSCOcBIBLIOTECA MUNICIPAL DEL CUSCO a331.880 / bS71 aSotomayor Pérez, José aCusco 1958 : banálisis testimonial de un movimiento urbano / aCusco : bCentro de Estudios Rurales Andinos Bartolomé de las Casas, c1984. a86 páginas ;bfotos ;c21 cm. aCuadernos para el debate regionaln25 aEl movimiento sindical del Cusco después de la dictadura de Odría -- El alza de los derivados del petróleo y sus consecuencias -- El 10 de abril de 1958 -- El comité popular -- Las enseñanzas del 10 de abril.  aSindicalismo aRevoluciones (Obreros) aHistoria peruana aCentro de Estudios Rurales Andinos Bartolomé de Las Casas (Cusco)